000 01204nam a2200289 i 4500
001 67211
003 ES-MaACL
005 20250806062537.0
007 t|
008 040511s2004 sp ||||1| spa d
080 _a929 Mesonero Romanos, Ramón de
080 _a711.4.035(460.27 M.)
080 _a912(460.27 M.)"18"
100 1 _aGonzález Yanci, María del Pilar.
_959044
245 1 0 _aCartografía madrileña y evolución de la ciudad en el tiempo de Mesonero Romanos /
_cpor Mª Pilar González Yanci.
260 _aMadrid :
_bAyuntamiento de Madrid, Concejalía de Gobierno de las Artes :
_bInstituto de Estudios Madrileños,
_c2004.
300 _a55 p. :
_bplanos ;
_c21 cm.
490 1 _aCiclo de conferencias: Don Ramón de Mesonero Romanos y su tiempo ;
_v8
500 _aPrecede al tít.: Centro Mesonero Romanos.
600 1 4 _aMesonero Romanos, Ramón de,
_d1803-1882
_980672
650 1 4 _aUrbanismo-
_zMadrid-
_yS.XIX.
_917708
651 4 _aMadrid-
_vPlanos-
_yS.XIX.
_98977
710 2 _aInstituto de Estudios Madrileños
_94916
830 1 _aCiclo de conferencias: Don Ramón de Mesonero Romanos y su tiempo ;
_v8
_9183143
852 _aES-MaACL
_j2175-F-11
999 _c67211
_d67211